Banner

El contrato de obras públicas : (Record no. 608)

MARC details
000 -LEADER
campo de control de longitud fija 00906nam a22002297a 4500
001 - NÚMERO DE CONTROL
campo de control 002335
003 - IDENTIFICADOR DE NÚMERO DE CONTROL
campo de control CoMeUDC002335
005 - FECHA Y HORA DE LA ÚLTIMA TRANSACCIÓN
campo de control 20190109175632.0
008 - DATOS DE LONGITUD FIJA--INFORMACIÓN GENERAL
campo de control de longitud fija 970715s1979 ck gr 00010 spa d
040 ## - FUENTE DE CATALOGACIÓN
Centro catalogador/agencia de origen CO-BoUEC
Centro/agencia transcriptor CoMeUDC
082 04 - NÚMERO DE LA CLASIFICACIÓN DECIMAL DEWEY
Número de clasificación 342.06
Número de ítem V649c
Información de edición 20
100 1# - ENTRADA PRINCIPAL--NOMBRE DE PERSONA
Nombre de persona Vidal Perdomo, Jaime,
Fechas asociadas al nombre 1931-2018
245 13 - MENCIÓN DEL TÍTULO
Título El contrato de obras públicas :
Resto del título introducción a la teoría del contrato administrativo, análisis del decreto 150 de 1976 /
Mención de responsabilidad, etc. Jaime Vidal Perdomo.
260 ## - PUBLICACIÓN, DISTRIBUCIÓN, ETC.
Lugar de publicación, distribución, etc. Bogotá :
Nombre del editor, distribuidor, etc. Universidad Externado de Colombia,
Fecha de publicación, distribución, etc. 1979.
300 ## - DESCRIPCIÓN FÍSICA
Extensión 182 páginas ;
Dimensiones 24 cm.
650 14 - PUNTO DE ACCESO ADICIONAL DE MATERIA--TÉRMINO DE MATERIA
Término de materia o nombre geográfico como elemento de entrada Contratos administrativos
650 14 - PUNTO DE ACCESO ADICIONAL DE MATERIA--TÉRMINO DE MATERIA
Término de materia o nombre geográfico como elemento de entrada Contratos públicos
650 14 - PUNTO DE ACCESO ADICIONAL DE MATERIA--TÉRMINO DE MATERIA
Término de materia o nombre geográfico como elemento de entrada Responsabilidad administrativa
942 ## - ELEMENTOS DE ENTRADA SECUNDARIOS (KOHA)
Fuente del sistema de clasificación o colocación Clasificación Decimal Dewey
Tipo de ítem Koha Libros
949 ## - PROCESAMIENTO DE INFORMACIÓN LOCAL (OCLC)
a 342.06 V648c
c 1
i mq58862
m BG
l C.GENERAL
t LIBRO
k C.GENERAL
o .COMMENT. 28803 02-28-80 Compra
949 ## - PROCESAMIENTO DE INFORMACIÓN LOCAL (OCLC)
a 344 V648c
c 2
i 39983000069551
m BG
l PEX
t LIBRO
k PEX
o .COMMENT. 28804
Holdings
Estatus retirado Estado de pérdida Fuente del sistema de clasificación o colocación Estado de daño No para préstamo Colección Biblioteca de origen Biblioteca actual Fecha de adquisición Fuente de adquisición Signatura topográfica completa Código de barras Visto por última vez Copia número Precio de reemplazo Tipo de ítem Koha
    Clasificación Decimal Dewey     Colección general U DE COLOMBIA - Biblioteca U DE COLOMBIA - Biblioteca 09/01/2019 Compra 342.06 V649c 002335 09/01/2019 1 09/01/2019 Libros


Biblioteca Académica Corporación Universitaria U DE COLOMBIA | Teléfono: +(57) (4) 2398080 ext. 1112 | E-mail: biblioteca@udecolombia.edu.co | Dirección: Calle 56 Nº 41 – 147 (Bolivia con Girardot)
Horario de atención: lunes a viernes 8:00 a.m. a 8:00 p.m. - sábados 8:00 a.m. a 4:00 p.m.
Implementado por Grupo EGS.

Powered by Koha